Loading...
| LEADER | 00500nam a22001451a 4500 | ||
|---|---|---|---|
| 020 | |a 9788125903604 | ||
| 082 | |a 140 |b THI/I | ||
| 100 | |a Thiruchandran Selvy |9 96313 | ||
| 245 | |a Ideology Caste Class And Gender/ |c by Thiruchandran Selvy | ||
| 260 | |a New Delhi: |b Vikas, |c 1997. | ||
| 300 | |a 266p | ||
| 650 | |a Idology |9 96314 | ||
| 942 | |c BK | ||
| 999 | |c 18992 |d 18992 | ||
| 952 | |0 0 |1 0 |4 0 |6 140_000000000000000_THI_I |7 0 |9 26779 |a SSUS |b SSUS |d 2015-01-08 |g 4.50 |l 1 |o 140 THI/I |p 007181 |r 2015-10-12 |s 2015-09-17 |v 0.00 |w 2015-01-08 |y BK | ||